000 00514nam a22001337a 4500
005 20241211090557.0
008 240923b ||||| |||| 00| 0 eng d
100 _aAlcaraz, Nora V.
_eauthor.
_961375
245 _aDemonstration lesson in combination classes science and health grade III and IV /
_cNora V. Alcaraz.
260 _aPhilippines;
_bPublishers Association of the Philippines, Inc.,
_cMarch 2018.
300 _aVolume 66, pages 386-387.
700 _aAlcaraz, Nora V.
_eauthor.
_961375
942 _2ddc
_cPER
999 _c21757
_d21757